rise and fall of Renaissance France (Record no. 13296)
[ view plain ]
| 000 -LEADER | |
|---|---|
| fixed length control field | 00408 a2200133 4500 |
| 245 ## - TITLE STATEMENT | |
| Title | rise and fall of Renaissance France |
| Remainder of title | : 1483-1610 |
| Medium | |
| 020 ## - INTERNATIONAL STANDARD BOOK NUMBER | |
| International Standard Book Number | 0631227288 (alk. pap |
| 250 ## - EDITION STATEMENT | |
| Edition statement | 2nd ed. |
| 260 ## - PUBLICATION, DISTRIBUTION, ETC. | |
| Place of publication, distribution, etc. | enk |
| Name of publisher, distributor, etc. | Blackwell |
| Date of publication, distribution, etc. | 2001 |
| 084 ## - | |
| -- | DC110 .K64 2001 |
| 300 ## - PHYSICAL DESCRIPTION | |
| Extent | xvi, 591 p. : maps |
| Other physical details | 24 cm. |
| Dimensions | xvi, 591 p. : maps ; 24 cm. |
| 500 ## - GENERAL NOTE | |
| General note | R.J. Knecht. |
No items available.